| 000 | 00735cam a2200265 4500 | ||
|---|---|---|---|
| 008 | 090401t1994 xxu||||| |||| 00| 0 eng d | ||
| 020 | _a0827357001 | ||
| 035 | _a(Sirsi) u67060 | ||
| 041 | _aeng | ||
| 050 | _a658.990973 | ||
| 100 | _aCollier, Keith | ||
| 245 | _aManaging contruction: the contractual viewpoint. | ||
| 260 |
_aAlbany, New York _bDelmar Publishers Inc. _c1994 |
||
| 300 | _axv,432p. ; 24cm. | ||
| 350 | _a0 | ||
| 520 | _aDonated by the author. | ||
| 650 | _aBUILT ENVIRONMENT-BUILDING CONTRACT FORMS | ||
| 650 | _aCANADA | ||
| 650 |
_aCONSTRUCTION MANAGEMENT _96230 |
||
| 650 | _aLIEN | ||
| 650 | _aUNITED STATES | ||
| 690 | _aBUILDING AND CONSTRUCTION-CONTROL | ||
| 942 | _n0 | ||
| 948 | _c04/03/1997 | ||
| 999 |
_c94967 _d94967 |
||